000 03334nam0a2200361 i 4500
001 RU\NLR\BIBL_A\010760123
005 20260405113655.0
010 _a9785990593794
_9500
021 _aRU
_b2015-26978
_91595
035 _a(NLR Aleph) 010760123
090 _a9977930
_c9977930
100 _a20150520d2014 k y0rusy50 ca
101 0 _arus
102 _aRU
105 _aa|||z|||100yy
200 1 _aАктуальные проблемы учета, анализа и аудита в социальной сфере
_eсборник научных работ студентов, аспирантов и профессорско-преподавательского состава по итогам Межвузовской научно-практической конференции "Актуальные проблемы учета, анализа и аудита в социальной сфере", (19 ноября 2014 года, г. Москва) и Научно-практической конференции студентов "Актуальные проблемы учета, анализа и аудита в социальной сфере" (20 ноября 2014 года, г. Москва) в рамках комплексной НИР "Методология учета, анализа и аудита в социальной сфере"
_f[редкол.: Свободин В. А., д.э.н., проф., Васюткина Л. В., к.э.н., доц.]
210 _aМосква
_cРГСУ
_d2014
215 _a283 с.
_cил.
_d21
300 _aВ надзаг.: Рос. гос. социал. ун-т, Фак. социал. страхования, экономики и социологии труда, Каф. бух. учета и статистики
320 _aБиблиогр. в конце ст. и в подстроч. примеч.
606 1 _aЭкономический анализ
_jСъезды, совещания и т.п
_yРоссийская Федерация
_92362515
_3RU\NLR\AUTH\661410670
606 1 _aБухгалтерский учет
_jСъезды, совещания и т.п
_yРоссийская Федерация
_92073607
_3RU\NLR\AUTH\661248526
606 _aАудит
_jСъезды, совещания и т.п
_91050110
_3RU\NLR\AUTH\6687699
686 1 _aУ053.9(2)я431
686 1 _aУ052.9(2)2я431
686 1 _aУ052.02-218я431
702 1 _4340
_8rus
_7ca
_aСвободин
_bВ. А.
_gВалентин Андреевич
_3RU\NLR\AUTH\7744343
_927284
711 1 2 _a"Актуальные вопросы учета, анализа и аудита в социальной сфере", научно-практическая конференция студентов
_eМосква
_f2014
_9468885
_3RU\NLR\AUTH\880401004
711 1 2 _a"Актуальные проблемы учета, анализа и аудита в социальной сфере", межвузовская научно-практическая конференция
_eМосква
_f2014
_9468883
_3RU\NLR\AUTH\880401003
942 _cBOOK
980 _aNBR